| 000 | 00561nam a2200205 a 4500 | ||
|---|---|---|---|
| 005 | 20220527131515.0 | ||
| 008 | 991125s1994 mad 000 0 spa u | ||
| 020 | _a8437237872 | ||
| 035 | _aUPN01000058690 | ||
| 049 | _aI | ||
| 050 | 4 |
_aAE61 B598 _bno.50 |
|
| 100 | 1 | _aMargenson, Susan M. | |
| 245 | 1 | 0 |
_aVikingos / _ctr. Javier Franco Aixelá ; fot. Peter Anderson |
| 260 |
_aMadrid : _bAltea, _c1994 |
||
| 300 |
_a64 p. : _bil., col. |
||
| 440 | 0 |
_aBiblioteca Visual Altea; _v50 |
|
| 650 | 0 |
_aVikingos _916244 |
|
| 904 |
_aAC _b058693 |
||
| 905 | _aInfantil | ||
| 999 |
_c58690 _d58690 |
||